| 000 | 00492nam a22001817a 4500 | ||
|---|---|---|---|
| 999 |
_c62612 _d62612 |
||
| 003 | NUST - PNEC | ||
| 005 | 20190110102558.0 | ||
| 008 | 150313b xxu||||| |||| 00| 0 eng d | ||
| 020 | _a9789694946719 | ||
| 038 | _awaseem | ||
| 040 | _cLIBRARY | ||
| 082 | _a425 WRE | ||
| 245 |
_aHigh School English Grammar and Composition _cP.C.Wren, H. Martin |
||
| 260 |
_aNew Delhi _bS.Chand & Company _cc2007 |
||
| 300 | _a376 p. : | ||
| 650 |
_aEnglish Grammar _xGeneral _913039 |
||
| 942 |
_2ddc _cBK |
||